Fußballspieler zu Verein - Statistiken

Allgemein
  • Dieses Quiz wurde 227 mal gespielt
  • Das Durchschnittsergebnis liegt bei 13 aus 15
Antwortstatistiken
Hinweis Antwort % Korrekt
Patrick Schick Bayer 04 Leverkusen
96%
Dani Olmo FC Barcelona
96%
Kingsley Coman Bayern München
95%
Gianluigi Donnarumma Paris St. Germain
94%
Rodrygo Real Madrid
93%
Maximilian Beier Borussia Dortmund
92%
Declan Rice FC Arsenal
92%
Diogo Jota FC Liverpool
90%
Niclas Füllkrug West Ham United
89%
Josko Gvardiol Manchester City
87%
Paulo Dybala AS Rom
84%
Julian Alvarez Atletico Madrid
84%
Christian Pulisic AC Mailand
83%
Mitchell Weiser Werder Bremen
81%
Steven Berghuis Ajax Amsterdam
69%
Keine übereinstimmenden Quizze gefunden
Verteilung der Resultate
Anzahl Personen mit jedem Resultat
Perzentil nach korrekt beantworteten Fragen
Ihre Resultats-Entwicklung
Sie haben dieses Quiz noch nicht gespielt